Obnoviteľné zdroje energie v kontexte stratégie Európa 2020

Využívanie obnoviteľných energií je nevyhnutné pre naplnenie cieľov vyplývajúcich zo stratégie Európa 2020. Zistenia, ako sa darí štátom EÚ napĺňať ciele stanovené v stratégii v oblasti energetiky.

Salvato in:
Dettagli Bibliografici
Autore principale: Chovanec, Marcel
Natura: Capitolo di libro
Lingua:slovacco
Soggetti:
Tags: Aggiungi Tag
Nessun Tag, puoi essere il primo ad aggiungerne!!

MARC

LEADER 00000nla a2200000 4500
001 0176625
005 20221103131621.2
041 0 |a slo 
044 |a SK 
245 1 0 |a Obnoviteľné zdroje energie v kontexte stratégie Európa 2020  |c Martin Chovanec 
520 |a Využívanie obnoviteľných energií je nevyhnutné pre naplnenie cieľov vyplývajúcich zo stratégie Európa 2020. Zistenia, ako sa darí štátom EÚ napĺňať ciele stanovené v stratégii v oblasti energetiky. 
610 2 0 |a Európa 
610 2 0 |a energia 
610 2 0 |a zdroje energie obnoviteľné 
610 2 0 |a politika energetická 
610 2 0 |a bezpečnosť energetická 
610 2 0 |a spolupráca medzinárodná 
100 1 |a Chovanec, Marcel